| 000 | 00970cam a2200289 i 4500 | ||
|---|---|---|---|
| 001 | 16500480 | ||
| 005 | 20141023124207.0 | ||
| 008 | 101012t2012 xxua frb 001 0 eng d | ||
| 020 | _a9781605477770 (hardback : alkaline paper) | ||
| 020 | _a160547777X | ||
| 040 |
_aDNLM/DLC _cDLC _dDLC _dEG-ScBUE |
||
| 082 | 0 | 0 |
_a610.7365 _222 _bMIL |
| 100 | 1 |
_aMiller, Carol A. _936318 |
|
| 245 | 1 | 0 |
_aNursing for wellness in older adults / _cCarol A. Miller. |
| 250 | _a6th ed. | ||
| 260 |
_aPhiladelphia, United States : _bWolters Kluwer / Lippincott Williams & Wilkins, _cc.2012. |
||
| 300 |
_axxix, 603 p. : _bill. (col.) ; _c29 cm. |
||
| 500 | _aIndex : p. 589-603. | ||
| 504 | _aIncludes bibliographical references. | ||
| 650 | 0 |
_aGeriatric nursing _928906 |
|
| 650 | 2 | 2 |
_aAged _xpsychology _936316 |
| 650 | 0 |
_aHealth promotion _932506 |
|
| 650 | 2 | 0 |
_aNursing Theory _936317 |
| 653 |
_bNNUR _cOctober2014 |
||
| 655 |
_vreading book _934232 |
||
| 942 |
_2ddc _k610.7365 MIL |
||
| 999 |
_c18495 _d18467 |
||